000 00549nam a2200229Ia 4500
001 1017
003 GE_BSU
008 181216s||||||||xx |||||||||||||| ||und||
020 _a5893495631
040 _cGE_BSU
080 _a80(075.8)
100 _aПрохоров,Ю.Е.
245 _aДействительность
245 _bТекст. Дискурс.
260 _aМосква
260 _bФлинта
260 _c2004
300 _a222стр.
541 _h25л.
653 _aДействительность
942 _cBK
999 _c35172
_d35172